LEADER 00875nam0-22002891i-450- 001 990006948530403321 005 0010906 035 $a000694853 035 $aFED01000694853 035 $a(Aleph)000694853FED01 035 $a000694853 100 $a20010906d1924----km-y0itay50------ba 101 0 $ager 105 $ay---m---000yy 200 1 $aBeitrag zur Geschichte der Baumwollindustrie im alten Bern$fWerner Fetscherin 210 $aWeinfelden$cNeuenschwander'sche Verlagsbuchhandlung$d1924 215 $a141 p.$d24 cm 328 $aDissertation 676 $a338.476$v20$zita 700 1$aFetscherin,$bWerner$0255936 801 0$aIT$bUNINA$gRICA$2UNIMARC 901 $aBK 912 $a990006948530403321 952 $aDISSERTAZIONE R II 13$b551$fFGBC 959 $aFGBC 996 $aBeitrag zur Geschichte der Baumwollindustrie im alten Bern$9701770 997 $aUNINA LEADER 01065pam a2200265 a 4500 001 991003799959707536 008 200423s1994 enka b 001 0 eng d 020 $a9780521454506 035 $ab14389575-39ule_inst 040 $aBibl. Dip.le Aggr. Matematica e Fisica - Sez. Fisica$beng 082 04$a530/.01$220 084 $aLC QC20 100 1 $aCook, Alan H.$045898 245 14$aThe observational foundations of physics /$cSir Alan Cook 260 $aCambridge ;$aNew York :$bCambridge University Press,$c1994 300 $axii, 164 p. :$bill. ;$c24 cm 504 $aIncludes bibliographical references (p. 156-159) and index 650 4$aMathematical physics 650 4$aPhysical measurements 907 $a.b14389575$b13-01-21$c23-04-20 912 $a991003799959707536 945 $aLE006 Fondo Polezzo 188$cEx libris Stefano Polezzo$g1$i2006000186360$lle006$og$pE58.64$q-$rl$s- $t0$u0$v0$w0$x0$y.i15946137$z13-01-21 996 $aObservational foundations of physics$91752430 997 $aUNISALENTO 998 $ale006$b23-04-20$cm$da $e $feng$genk$h4$i0 LEADER 02108oam 2200613K 450 001 9910712905103321 005 20180924044904.1 024 8 $aGOVPUB-C13-ecbde1d5a5a793715379208011cc0c26 035 $a(CKB)5470000002499147 035 $a(OCoLC)952976880$z(OCoLC)925473136 035 $a(OCoLC)995470000002499147 035 $a(EXLCZ)995470000002499147 100 $a20160704d1978 ua 0 101 0 $aeng 135 $aurbn||||||abp 135 $aurbn||||||ada 181 $ctxt$2rdacontent 182 $cc$2rdamedia 183 $acr$2rdacarrier 200 04$aThe Nicrosil versus nisil thermocouple $eproperties and thermoelectric reference data /$fNoel A. Burley [and others] ; sponsored by National Bureau of Standards, U.S. Department of Commerce and Materials Research Laboratories, Australian Department of Defence 210 1$a[Washington] :$cU.S. Dept. of Commerce :$cFor sale by the Supt. of Docs., U.S. Govt. Print. Off.,$d1978. 215 $a1 online resource (x, 156 pages) $cillustrations 225 1 $aNBS monograph ;$v161 320 $aIncludes bibliographical references (pages 100-101). 517 $aNicrosil versus nisil thermocouple 606 $aNickel alloys 606 $aThermocouples 606 $aNickel$xAlliages 606 $aThermo electricit e 606 $aThermocouples$xEtalonnage 606 $aThermocouples 606 $aNickel alloys$2fast 606 $aThermocouples$2fast 615 0$aNickel alloys. 615 0$aThermocouples. 615 6$aNickel$xAlliages. 615 6$aThermo electricit e. 615 6$aThermocouples$xEtalonnage. 615 6$aThermocouples. 615 7$aNickel alloys. 615 7$aThermocouples. 676 $a602/.1 s 676 $a669/.733 686 $a51.30$2bcl 701 $aBurley$b Noel A$01414372 712 02$aUnited States.$bNational Bureau of Standards. 801 0$bOCLCE 801 1$bOCLCE 801 2$bNBS 801 2$bOCLCQ 906 $aBOOK 912 $a9910712905103321 996 $aThe Nicrosil versus nisil thermocouple$93513441 997 $aUNINA